000 00643cam a22002293a 4500
001 22498
003 PGUSA
005 20140828083458.0
008 070904s2007||||xxu|||||s|||||000 | eng d
040 _aPGUSA
_beng
042 _adc
050 4 _aPQ
100 1 _aPorta, Giambattista della,
_d-1615
245 1 0 _aLe commedie - lo astrologo
_h[electronic resource] /
_cGiambattista della Porta
260 _bProject Gutenberg,
_c2007
506 _aPublic domain in the USA.
516 _aElectronic text
653 _aItalian drama
830 0 _aProject Gutenberg
_v22498
856 4 0 _uhttp://www.gutenberg.org/ebooks/22498
942 _cEB
999 _c251753
_d251753